| 000 | 00392nam a2200181Ia 4500 | ||
|---|---|---|---|
| 100 | _aPalnitkar/Samir | ||
| 650 | _averilog HDL | ||
| 250 | _a2 | ||
| 942 | _cBK | ||
| 366 | _f20 | ||
| 654 | _averilog HDL | ||
| 245 | _aVerilog HDL:A guide to digital design and synthesis | ||
| 260 |
_bPearson Education _c2003 |
||
| 082 | _a5.133 | ||
| 300 | _a490 | ||
| 546 | _aENGLISH | ||
| 999 |
_c33342 _d33342 |
||